[Event "Pardubice Czech op-C 29th"]
[Site "Pardubice"]
[Date "2018.07.28"]
[Round "9"]
[White "Igumnov, Alexandr"]
[Black "Bonacic, Jascha"]
[Result "1-0"]
[WhiteElo "1926"]
[BlackElo "1999"]
[PlyCount "117"]
[EventDate "2018.07.21"]
[EventType "swiss"]
[EventRounds "9"]
[EventCountry "CZE"]
[SourceTitle "CBM 186 Extra"]
[Source "ChessBase"]
[SourceDate "2018.08.24"]
[SourceVersion "1"]
[SourceVersionDate "2018.08.24"]
[SourceQuality "1"]

1. e4 c5 2. c3 g6 3. d4 cxd4 4. cxd4 d5 5. Nc3 dxe4 6. Bc4 Nf6 7. Qb3 e6 8. Bg5 Bg7 9. Nge2 0-0 10. Nxe4 Nc6 11. Rd1 Na5 12. Qf3 Nxc4 13. Nxf6+ Bxf6 14. Bxf6 Qa5+ 15. Nc3 Nxb2 16. Rb1 Na4 17. d5 e5 18. Rc1 Nxc3 19. Rxc3 Bg4 20. Qe3 Rac8 21. 0-0 Qa6 22. Bxe5 f6 23. Rxc8 Rxc8 24. Bd4 Qd6 25. h3 Bd7 26. Qf3 Kf7 27. Re1 a6 28. Be5 Qe7 29. Bc3 Qd6 30. a3 Re8 31. Rc1 Rc8 32. Re1 Re8 33. Rxe8 Bxe8 34. g4 Bb5 35. Bb4 Qe5 36. Bc3 Qd6 37. Qe4 Bd7 38. Qd4 Bc8 39. g5 Bxh3 40. Qh4 Qxa3 41. Qxh7+ Kf8 42. Qh8+ Kf7 43. Qxf6+ Ke8 44. Qh8+ Kf7 45. Qf6+ Ke8 46. Qxg6+ Kd7 47. Qh7+ Kd6 48. Qxh3 Qc1+ 49. Kh2 Qxg5 50. Qg3+ Qxg3+ 51. Kxg3 Kxd5 52. f4 Kc4 53. Ba1 b5 54. f5 Kd5 55. Kg4 b4 56. Kg5 a5 57. f6 Ke6 58. Kg6 a4 59. f7 1-0

[Event "Pardubice Czech op-C 29th"]
[Site "Pardubice"]
[Date "2018.07.26"]
[Round "7"]
[White "Glinzner, Alva"]
[Black "Bonacic, Jascha"]
[Result "0-1"]
[WhiteElo "1839"]
[BlackElo "1999"]
[PlyCount "106"]
[EventDate "2018.07.21"]
[EventType "swiss"]
[EventRounds "9"]
[EventCountry "CZE"]
[SourceTitle "CBM 186 Extra"]
[Source "ChessBase"]
[SourceDate "2018.08.24"]
[SourceVersion "1"]
[SourceVersionDate "2018.08.24"]
[SourceQuality "1"]

1. e4 c5 2. Nf3 d6 3. Bb5+ Bd7 4. Bxd7+ Qxd7 5. 0-0 g6 6. d4 cxd4 7. Nxd4 Bg7 8. c4 Nc6 9. Be3 Nf6 10. Nc3 0-0 11. f3 Rac8 12. b3 Rfd8 13. Rc1 e6 14. Ndb5 a6 15. Na3 Qc7 16. Na4 Nd7 17. Qd2 Nc5 18. Nc3 Qa5 19. Nab1 b5 20. Ne2 Qxd2 21. Nxd2 Nd3 22. Rcd1 Ndb4 23. Bb6 Rd7 24. a3 Nc2 25. Nb1 bxc4 26. bxc4 Ne5 27. Rd2 Nxc4 28. Rxc2 Nxb6 29. Rd2 d5 30. Rfd1 Nc4 31. Rc2 Rb8 32. Rcc1 Nb2 33. Rf1 d4 34. Nd2 d3 35. Nc3 Bd4+ 36. Kh1 Rc8 37. Ncb1 Rc2 38. Rce1 Bb6 39. g3 Ba5 40. Rf2 Rdc7 41. Ref1 Bb6 42. Rg2 Rc1 43. h3 R7c2 44. Kh2 Rxf1 45. Nxf1 Nc4 46. Nbd2 Nxa3 47. Nb3 Nc4 48. f4 a5 49. Rxc2 dxc2 50. Kg2 a4 51. Nc1 Ne3+ 52. Kf2 Nxf1+ 53. Kxf1 Be3 0-1

[Event "Prague Summer op 2nd"]
[Site "Prague"]
[Date "2015.08.08"]
[Round "2"]
[White "Bonacic, Jascha"]
[Black "Bednar, Marcel"]
[Result "0-1"]
[WhiteElo "1935"]
[BlackElo "2264"]
[PlyCount "82"]
[EventDate "2015.08.07"]
[EventType "swiss"]
[EventRounds "9"]
[EventCountry "CZE"]
[SourceTitle "CBM 167 Extra"]
[Source "ChessBase"]
[SourceDate "2015.09.14"]
[SourceVersion "1"]
[SourceVersionDate "2015.09.14"]
[SourceQuality "1"]

1. e4 Nf6 2. e5 Nd5 3. c4 Nb6 4. d4 d6 5. f4 dxe5 6. fxe5 Nc6 7. Be3 Bf5 8. Nc3 e6 9. Be2 Be7 10. Nf3 Qd7 11. 0-0 Rd8 12. Qd2 0-0 13. Kh1 f6 14. Rad1 fxe5 15. dxe5 Qxd2 16. Rxd2 Rxd2 17. Bxd2 Bg4 18. Nb5 a6 19. Nc3 Bxf3 20. gxf3 Nxe5 21. b3 Bb4 22. Ne4 Bxd2 23. Nxd2 Ng6 24. Re1 Nf4 25. c5 Nbd5 26. Bc4 a5 27. Ne4 Rf5 28. Ng3 Rg5 29. Re4 Kf7 30. Kg1 Kf6 31. Kf2 Re5 32. Rd4 g5 33. Ne2 Ke7 34. a3 h6 35. Bb5 Nf6 36. b4 axb4 37. axb4 Rd5 38. Rc4 c6 39. Ba4 Nd3+ 40. Ke3 Nb2 41. Bb3 Rd3+ 0-1

[Event "Bremen-ch op"]
[Site "Bremen"]
[Date "2015.04.03"]
[Round "8"]
[White "Bonacic, Jascha"]
[Black "Sausmikat, Armin"]
[Result "1-0"]
[WhiteElo "1861"]
[BlackElo "1893"]
[PlyCount "45"]
[EventDate "2015.03.28"]
[EventType "swiss"]
[EventRounds "9"]
[EventCountry "GER"]
[SourceTitle "EXT 2018"]
[Source "ChessBase"]
[SourceDate "2017.10.13"]
[SourceVersion "1"]
[SourceVersionDate "2017.10.13"]
[SourceQuality "1"]

1. d4 d5 2. Nc3 Nf6 3. Bf4 e6 4. f3 Bb4 5. Qd2 0-0 6. e3 c5 7. 0-0-0 Qa5 8. Nge2 c4 9. g4 Nbd7 10. h4 Re8 11. h5 e5 12. dxe5 Nxe5 13. Bxe5 Rxe5 14. f4 Re8 15. g5 Bc5 16. Nd4 Ne4 17. Nxe4 Qxa2 18. Nc3 Qa1+ 19. Nb1 Bf5 20. Nxf5 g6 21. Nd4 a5 22. hxg6 fxg6 23. Nb3 1-0

[Event "Bremen-ch op"]
[Site "Bremen"]
[Date "2015.04.02"]
[Round "7"]
[White "Traetmar, Mattis"]
[Black "Bonacic, Jascha"]
[Result "0-1"]
[WhiteElo "1689"]
[BlackElo "1861"]
[PlyCount "86"]
[EventDate "2015.03.28"]
[EventType "swiss"]
[EventRounds "9"]
[EventCountry "GER"]
[SourceTitle "EXT 2018"]
[Source "ChessBase"]
[SourceDate "2017.10.13"]
[SourceVersion "1"]
[SourceVersionDate "2017.10.13"]
[SourceQuality "1"]

1. e4 c5 2. Nf3 d6 3. d4 cxd4 4. Nxd4 Nf6 5. Nc3 g6 6. Be3 Bg7 7. f3 Nc6 8. Qd2 Bd7 9. 0-0-0 0-0 10. Bc4 Rc8 11. Bb3 Nxd4 12. Bxd4 b5 13. Kb1 a5 14. a3 b4 15. axb4 axb4 16. Na2 Be6 17. h4 Ra8 18. Bxe6 fxe6 19. Nxb4 Qa5 20. c3 Rfc8 21. Qe3 Qa1+ 22. Kc2 Qa4+ 23. Kd2 Qb3 24. Rb1 Rab8 25. Rhc1 e5 26. Ba7 Rb7 27. g4 Ra8 28. Bb6 Nd7 29. Ba5 Rxa5 30. Nc6 Ra2 31. Nxe7+ Kf7 32. Nd5 Nb6 33. Nxb6 Rxb6 34. Rc2 Rb5 35. f4 Bh6 36. g5 Bg7 37. h5 exf4 38. Qxf4+ Ke7 39. h6 Be5 40. Qf3 Rb8 41. Qd3 Rf8 42. Ke2 Ra4 43. c4 Rf2+ 0-1

[Event "Bremen-ch op"]
[Site "Bremen"]
[Date "2015.03.30"]
[Round "4"]
[White "Bonacic, Jascha"]
[Black "Bilau, Max"]
[Result "1-0"]
[WhiteElo "1861"]
[BlackElo "1536"]
[PlyCount "61"]
[EventDate "2015.03.28"]
[EventType "swiss"]
[EventRounds "9"]
[EventCountry "GER"]
[SourceTitle "EXT 2018"]
[Source "ChessBase"]
[SourceDate "2017.10.13"]
[SourceVersion "1"]
[SourceVersionDate "2017.10.13"]
[SourceQuality "1"]

1. e4 e6 2. d4 c5 3. Nf3 cxd4 4. Nxd4 Nc6 5. Nc3 a6 6. Be2 Bb4 7. 0-0 Bxc3 8. bxc3 Nge7 9. f4 0-0 10. Bd3 f5 11. exf5 exf5 12. Ba3 d6 13. Bc4+ Kh8 14. Nxc6 Nxc6 15. Qxd6 Qxd6 16. Bxd6 Re8 17. Rfe1 Bd7 18. Bf7 Rxe1+ 19. Rxe1 h6 20. Rd1 Kh7 21. c4 Be8 22. Be6 Bg6 23. Rd5 Rd8 24. Ba3 Re8 25. Rd6 Rd8 26. c5 Kh8 27. Bb2 h5 28. Bc3 Re8 29. Kf2 Bh7 30. Bd5 Rc8 31. Rd7 1-0

[Event "Prague Summer op 1st"]
[Site "Prague"]
[Date "2014.08.09"]
[Round "1"]
[White "Bonacic, Jascha"]
[Black "Richter, Christian"]
[Result "0-1"]
[WhiteElo "1877"]
[BlackElo "2359"]
[PlyCount "104"]
[EventDate "2014.08.09"]
[EventType "swiss"]
[EventRounds "9"]
[EventCountry "CZE"]
[SourceTitle "CBM 162 Extra"]
[Source "ChessBase"]
[SourceDate "2014.10.17"]
[SourceVersion "1"]
[SourceVersionDate "2014.10.17"]
[SourceQuality "1"]

1. e4 e5 2. Nf3 Nc6 3. Bb5 a6 4. Ba4 Nf6 5. 0-0 b5 6. Bb3 Be7 7. Re1 d6 8. c3 0-0 9. h3 Re8 10. d4 Bf8 11. Nbd2 h6 12. Nf1 Bd7 13. Ng3 Na5 14. Bc2 Nc4 15. b3 Nb6 16. Ba3 c5 17. dxc5 dxc5 18. Qe2 Qc7 19. Rad1 a5 20. c4 bxc4 21. bxc4 Be6 22. Bd3 Nfd7 23. Rb1 Nc8 24. Nf1 Na7 25. Ne3 Nc6 26. Nd5 Qa7 27. Rb3 Nd4 28. Nxd4 cxd4 29. Bxf8 Kxf8 30. Qb2 Reb8 31. Rb1 Rxb3 32. Qxb3 Qc5 33. Qb5 Kg8 34. Qa4 Qd6 35. Rb5 Nc5 36. Qa3 Nxe4 37. Ne7+ Kf8 38. c5 Nxc5 39. Nf5 Bxf5 40. Rxc5 Bxd3 41. Rc8+ Ke7 42. Rc7+ Ke6 43. Qb3+ Kf6 44. Qxf7+ Kg5 45. Qxg7+ Bg6 46. Rf7 Rh8 47. h4+ Kh5 48. Rf6 Rg8 49. g4+ Kxg4 50. f3+ Kh3 51. Qxg8 Qxf6 52. Qc8+ Bf5 0-1

[Event "GER-chT U20"]
[Site "Osnabrueck"]
[Date "2012.12.28"]
[Round "3.3"]
[White "Perske, Thore"]
[Black "Bonacic, Jascha"]
[Result "1-0"]
[WhiteElo "2050"]
[BlackElo "1914"]
[PlyCount "81"]
[EventDate "2012.12.27"]
[EventType "team-swiss"]
[EventRounds "7"]
[EventCountry "GER"]
[SourceTitle "EXT 2014"]
[Source "ChessBase"]
[SourceDate "2013.11.20"]
[SourceVersion "1"]
[SourceVersionDate "2013.11.20"]
[SourceQuality "1"]
[WhiteTeam "Heidesheim"]
[BlackTeam "Hagen"]
[WhiteTeamCountry "GER"]
[BlackTeamCountry "GER"]

1. e4 c5 2. Nf3 d6 3. d4 cxd4 4. Nxd4 Nf6 5. Nc3 g6 6. Be3 Bg7 7. f3 0-0 8. Bc4 Nc6 9. Bb3 Bd7 10. Qd2 Nxd4 11. Bxd4 b5 12. Nd5 Nxd5 13. Bxg7 Kxg7 14. exd5 Kg8 15. h4 f6 16. g4 a5 17. c3 Qc7 18. Kf2 Rac8 19. Rae1 Rf7 20. a3 Rb8 21. Kg2 b4 22. axb4 axb4 23. c4 Qc5 24. Qf2 Re8 25. Qxc5 dxc5 26. Ra1 e5 27. Rhe1 Rfe7 28. Bc2 e4 29. Rxe4 Rxe4 30. fxe4 Bxg4 31. Kg3 h5 32. Ra5 Rc8 33. Kf4 Kg7 34. Ra6 Rc7 35. Ba4 Be2 36. b3 Bd3 37. d6 Rc8 38. d7 Rd8 39. Re6 Bxc4 40. bxc4 b3 41. Rb6 1-0

[Event "GER-chT Nord-West U20 1112"]
[Site "Germany"]
[Date "2012.01.22"]
[Round "5"]
[White "Bonacic, Jascha"]
[Black "Rosenburg, Hauke"]
[Result "1-0"]
[WhiteElo "1862"]
[BlackElo "1779"]
[PlyCount "51"]
[EventDate "2011.09.24"]
[EventType "team-tourn"]
[EventRounds "9"]
[EventCountry "GER"]
[SourceTitle "EXT 2015"]
[Source "ChessBase"]
[SourceDate "2014.11.20"]
[SourceVersion "1"]
[SourceVersionDate "2014.11.20"]
[SourceQuality "1"]

1. e4 c6 2. d4 d5 3. Nc3 dxe4 4. Nxe4 Bf5 5. Ng3 Bg6 6. h4 h6 7. Nf3 Nd7 8. Bd3 Bxd3 9. Qxd3 Ngf6 10. Bd2 e6 11. 0-0-0 Bd6 12. Ne4 Nxe4 13. Qxe4 Nf6 14. Qe2 Qc7 15. Ne5 0-0-0 16. c4 c5 17. Bc3 Rhe8 18. Kb1 cxd4 19. Bxd4 Bxe5 20. Bxe5 Qc5 21. a3 Ng4 22. Bxg7 Nxf2 23. Rxd8+ Rxd8 24. Rf1 Nd3 25. Rxf7 Qxc4 26. Qd2 1-0

[Event "Niedersachsen-ch open"]
[Site "Verden"]
[Date "2010.01.04"]
[Round "4.51"]
[White "Bonacic, Jascha"]
[Black "Klosa, Kevin"]
[Result "0-1"]
[WhiteElo "1764"]
[BlackElo "1416"]
[PlyCount "68"]
[EventDate "2010.01.03"]
[EventType "swiss"]
[EventRounds "7"]
[EventCountry "GER"]
[SourceTitle "EXT 2012"]
[Source "ChessBase"]
[SourceDate "2011.11.24"]
[SourceVersion "1"]
[SourceVersionDate "2011.11.24"]
[SourceQuality "1"]

1. e4 e5 2. Nf3 Nc6 3. Bb5 a6 4. Ba4 Nf6 5. 0-0 b5 6. Bb3 Bc5 7. Re1 d6 8. h3 0-0 9. c3 h6 10. d4 Bb6 11. a4 Bb7 12. Na3 Re8 13. Qd3 exd4 14. cxd4 Nb4 15. Bxf7+ Kxf7 16. Qb3+ Kf8 17. Qxb4 Bxe4 18. a5 c5 19. dxc5 Bxa5 20. Qd4 Bxe1 21. Nxe1 dxc5 22. Qxc5+ Kg8 23. Be3 Qd5 24. Nec2 Qxc5 25. Bxc5 Rec8 26. b4 Bxc2 27. Nxc2 Ne4 28. f4 Nxc5 29. bxc5 Rxc5 30. Nd4 a5 31. g4 a4 32. Ne6 Rc4 33. Kf2 a3 34. Ke2 Re4+ 0-1

[Event "Niedersachsen-ch open"]
[Site "Verden"]
[Date "2010.01.03"]
[Round "2.43"]
[White "Bonacic, Jascha"]
[Black "Sablotny, Juergen"]
[Result "1-0"]
[WhiteElo "1764"]
[BlackElo "1833"]
[PlyCount "59"]
[EventDate "2010.01.03"]
[EventType "swiss"]
[EventRounds "7"]
[EventCountry "GER"]
[SourceTitle "EXT 2012"]
[Source "ChessBase"]
[SourceDate "2011.11.24"]
[SourceVersion "1"]
[SourceVersionDate "2011.11.24"]
[SourceQuality "1"]

1. e4 e6 2. d4 d5 3. exd5 exd5 4. Bd3 Nf6 5. Nc3 c6 6. Bf4 Bd6 7. Nge2 Bg4 8. f3 Bc8 9. Qd2 Bxf4 10. Nxf4 Qe7+ 11. Nfe2 b6 12. 0-0-0 Na6 13. Nf4 Nc7 14. Rde1 Ne6 15. Nxe6 fxe6 16. Ne2 g6 17. Nf4 Kf7 18. Re2 Re8 19. h4 Qd6 20. h5 g5 21. Nh3 h6 22. Bg6+ Ke7 23. Bxe8 Nxe8 24. f4 g4 25. Nf2 Nf6 26. f5 Bd7 27. Qxh6 Rg8 28. Nd3 Rf8 29. Nf4 Kd8 30. Nxe6+ 1-0

[Event "Niedersachsen-chT U16"]
[Site "Verden an der Aller"]
[Date "2008.05.03"]
[Round "4.4"]
[White "Bonacic, Jascha"]
[Black "Stickler, Peter Michael"]
[Result "1-0"]
[WhiteElo "1745"]
[BlackElo "1059"]
[PlyCount "53"]
[EventDate "2008.05.01"]
[EventType "team"]
[EventRounds "7"]
[EventCountry "GER"]
[SourceTitle "EXT 2009"]
[Source "ChessBase"]
[SourceDate "2008.11.26"]
[SourceVersion "1"]
[SourceVersionDate "2008.11.26"]
[SourceQuality "1"]

1. e4 e6 2. d4 d5 3. exd5 exd5 4. Bd3 Bd6 5. Ne2 Nf6 6. Bf4 0-0 7. Nbc3 Re8 8. Qd2 c6 9. 0-0-0 Be6 10. f3 Qc7 11. g4 Re7 12. h4 Nbd7 13. h5 c5 14. g5 Ne8 15. Nb5 Bxf4 16. Nxf4 Qc6 17. dxc5 Nxc5 18. g6 h6 19. gxf7+ Bxf7 20. Nc3 Nf6 21. Bg6 Bxg6 22. Nxg6 Rd7 23. Rhe1 Nxh5 24. Ne7+ Rxe7 25. Rxe7 Rd8 26. Nxd5 Nf6 27. Nxf6+ 1-0

[Event "GER-ch U25"]
[Site "Willingen"]
[Date "2007.05.31"]
[Round "8"]
[White "Bonacic, Jascha"]
[Black "Sieker, Roland"]
[Result "0-1"]
[WhiteElo "1696"]
[BlackElo "2014"]
[PlyCount "62"]
[EventDate "2007.05.26"]
[EventType "swiss"]
[EventRounds "9"]
[EventCountry "GER"]
[SourceTitle "CBM 118 Extra"]
[Source "ChessBase"]
[SourceDate "2007.07.04"]
[SourceVersion "1"]
[SourceVersionDate "2007.07.04"]
[SourceQuality "1"]

1. e4 c5 2. Nf3 d6 3. d4 cxd4 4. Nxd4 Nf6 5. Nc3 g6 6. f3 Bg7 7. Be3 Nc6 8. Qd2 a6 9. g4 Nxd4 10. Bxd4 0-0 11. 0-0-0 Qa5 12. h4 Be6 13. Kb1 b5 14. Nd5 Qxd2 15. Nxe7+ Kh8 16. Rxd2 Rfe8 17. g5 Nxe4 18. Bxg7+ Kxg7 19. fxe4 Rxe7 20. Rxd6 Bg4 21. Bg2 a5 22. Rd4 Rae8 23. b3 Rb8 24. Re1 Rc7 25. e5 Be6 26. Red1 a4 27. Rd8 Rxd8 28. Rxd8 Rc5 29. Rb8 Bf5 30. Bf1 Rxc2 31. Bh3 Rc8+ 0-1

[Event "GER-ch U25"]
[Site "Willingen"]
[Date "2007.05.29"]
[Round "5"]
[White "Valet, Alexander"]
[Black "Bonacic, Jascha"]
[Result "0-1"]
[WhiteElo "1155"]
[BlackElo "1696"]
[PlyCount "92"]
[EventDate "2007.05.26"]
[EventType "swiss"]
[EventRounds "9"]
[EventCountry "GER"]
[SourceTitle "CBM 118 Extra"]
[Source "ChessBase"]
[SourceDate "2007.07.04"]
[SourceVersion "1"]
[SourceVersionDate "2007.07.04"]
[SourceQuality "1"]

1. e4 b6 2. d4 Bb7 3. Nc3 e6 4. Nf3 Nf6 5. Bg5 Be7 6. Bd3 d5 7. exd5 Nxd5 8. Bxe7 Nxe7 9. 0-0 0-0 10. Be4 c6 11. Qd2 Nd7 12. Rad1 Nf6 13. Rfe1 Qc7 14. Qg5 Rad8 15. Qe5 Qxe5 16. dxe5 Nxe4 17. Nxe4 Rxd1 18. Rxd1 c5 19. Nfg5 h6 20. Rd7 Bxe4 21. Nxe4 Nc6 22. f4 Rd8 23. Rxd8+ Nxd8 24. Kf2 Nb7 25. g4 Kf8 26. h4 Ke7 27. Kf3 f5 28. Ng3 g6 29. h5 Kf7 30. hxg6+ Kxg6 31. gxf5+ exf5 32. e6 Kf6 33. e7 Nd6 34. e8Q Nxe8 35. c4 Nd6 36. b3 a6 37. Nf1 Ne4 38. Ne3 Nc3 39. a4 b5 40. axb5 axb5 41. cxb5 Nxb5 42. Nc2 Nd4+ 43. Nxd4 cxd4 44. b4 Ke6 45. Kg3 Kd5 46. Kf2 Kc4 0-1

[Event "GER-ch U25"]
[Site "Willingen"]
[Date "2007.05.28"]
[Round "4"]
[White "Bonacic, Jascha"]
[Black "Helmich, Florian"]
[Result "1-0"]
[WhiteElo "1696"]
[BlackElo "953"]
[PlyCount "49"]
[EventDate "2007.05.26"]
[EventType "swiss"]
[EventRounds "9"]
[EventCountry "GER"]
[SourceTitle "CBM 118 Extra"]
[Source "ChessBase"]
[SourceDate "2007.07.04"]
[SourceVersion "1"]
[SourceVersionDate "2007.07.04"]
[SourceQuality "1"]

1. e4 e6 2. d4 d5 3. exd5 exd5 4. Bd3 Bd6 5. Ne2 Nf6 6. Bf4 c6 7. Nbc3 Bg4 8. f3 Bh5 9. Qd2 0-0 10. 0-0-0 Nbd7 11. Bxd6 Re8 12. Ng3 Bg6 13. Bf4 Bxd3 14. Qxd3 c5 15. Rhe1 cxd4 16. Qxd4 b6 17. Nxd5 Nxd5 18. Qxd5 Rxe1 19. Rxe1 a5 20. Rd1 Ra7 21. Qd6 h6 22. Nf5 Qf6 23. Qxf6 Nxf6 24. Rd5 Re7 25. Nxe7+ 1-0

[Event "Niedersachsen-chT U16"]
[Site "Stade"]
[Date "2007.05.18"]
[Round "4.1"]
[White "Schulz, Jens"]
[Black "Bonacic, Jascha"]
[Result "0-1"]
[WhiteElo "1795"]
[BlackElo "1696"]
[PlyCount "96"]
[EventDate "2007.05.17"]
[EventType "team-tourn"]
[EventRounds "7"]
[EventCountry "GER"]
[SourceTitle "EXT 2008"]
[Source "ChessBase"]
[SourceDate "2007.11.25"]
[SourceVersion "1"]
[SourceVersionDate "2007.11.25"]
[SourceQuality "1"]

1. c4 e6 2. Nc3 f5 3. g3 Nf6 4. Bg2 c6 5. Nf3 d5 6. d4 Bd6 7. Ne5 0-0 8. c5 Bc7 9. Nd3 Nbd7 10. Bf4 Bxf4 11. gxf4 Ng4 12. h3 Ngf6 13. e3 Ne4 14. h4 Rf6 15. Qe2 Rh6 16. h5 Ndf6 17. Bxe4 fxe4 18. Ne5 Qe8 19. 0-0-0 Rxh5 20. f3 exf3 21. Qxf3 Rxh1 22. Rxh1 Nd7 23. Qh3 h6 24. Nf3 e5 25. Qg3 exf4 26. exf4 Qe3+ 27. Kd1 Qd3+ 28. Ke1 Qe3+ 29. Kd1 Qd3+ 30. Ke1 Qe3+ 31. Kd1 Nf6 32. Rxh6 Bg4 33. Rh3 Bxh3 34. Qxh3 Re8 35. Qg2 Ne4 36. Kc2 Nxc3 37. bxc3 Qe2+ 38. Qxe2 Rxe2+ 39. Kb3 Rf2 40. Ng5 Rxf4 41. Ne6 Re4 42. Ng5 Re3 43. Kb4 Re2 44. a4 Rb2+ 45. Ka3 Rg2 46. Ne6 g5 47. Kb4 Kf7 48. Nc7 g4 0-1

[Event "Niedersachsen-ch U16"]
[Site "Rotenburg/Wuemme"]
[Date "2007.03.31"]
[Round "1"]
[White "Bonacic, Jascha"]
[Black "Schulz, Jens"]
[Result "1-0"]
[WhiteElo "1711"]
[BlackElo "1806"]
[PlyCount "63"]
[EventDate "2007.03.31"]
[EventType "swiss"]
[EventRounds "9"]
[EventCountry "GER"]
[SourceTitle "EXT 2008"]
[Source "ChessBase"]
[SourceDate "2007.11.25"]
[SourceVersion "1"]
[SourceVersionDate "2007.11.25"]
[SourceQuality "1"]

1. e4 d6 2. d4 g6 3. Nc3 Bg7 4. f3 Nf6 5. Be3 Nbd7 6. Qd2 0-0 7. g4 c5 8. 0-0-0 cxd4 9. Bxd4 a6 10. h4 h5 11. g5 Ne8 12. f4 b5 13. e5 dxe5 14. Bxe5 Bxe5 15. fxe5 e6 16. Bg2 Ra7 17. Nge2 Qa5 18. Qd4 Rc7 19. Rh3 Ng7 20. Kb1 Nf5 21. Qf4 b4 22. Ne4 Qxe5 23. Nf6+ Kg7 24. Qxe5 Nxe5 25. Ng3 Ne3 26. Ngxh5+ gxh5 27. Rxe3 Ng4 28. Nxh5+ Kg6 29. Nf4+ Kf5 30. Rf3 Ne5 31. Rff1 Rc4 32. Nd3+ 1-0

[Event "Niedersachsen-ch op"]
[Site "Verden"]
[Date "2007.01.07"]
[Round "7"]
[White "Schumacher, Klaus"]
[Black "Bonacic, Jascha"]
[Result "1-0"]
[WhiteElo "1930"]
[BlackElo "1711"]
[PlyCount "129"]
[EventDate "2007.01.04"]
[EventType "swiss"]
[EventRounds "7"]
[EventCountry "GER"]
[SourceTitle "EXT 2021"]
[Source "ChessBase"]
[SourceDate "2020.10.23"]
[SourceVersion "1"]
[SourceVersionDate "2020.10.23"]
[SourceQuality "1"]

1. c4 e6 2. Nc3 f5 3. d4 d5 4. cxd5 exd5 5. g3 Nf6 6. Bg2 c6 7. Nf3 Bd6 8. 0-0 0-0 9. Re1 Nbd7 10. Qb3 Kh8 11. Bg5 h6 12. Bxf6 Qxf6 13. Qc2 g5 14. e3 Qg7 15. a3 Nf6 16. Ne5 g4 17. Nd3 Ne4 18. b4 h5 19. Ne2 Ng5 20. Nef4 h4 21. Nh5 Qg8 22. Ndf4 hxg3 23. fxg3 Ne4 24. Bxe4 fxe4 25. b5 Bd7 26. bxc6 bxc6 27. a4 Qh7 28. Rab1 Rfb8 29. Rxb8+ Rxb8 30. Rb1 Rxb1+ 31. Qxb1 Qh6 32. Qb7 Be8 33. Qc8 Qf8 34. Qxg4 Qg8 35. Qxg8+ Kxg8 36. Nf6+ Kf7 37. Nxe8 Kxe8 38. Kf2 Kd7 39. Ke2 Kc7 40. Kd2 Kb6 41. Kc2 a5 42. h4 Be7 43. Ng6 Bf6 44. h5 Bg5 45. Kd2 c5 46. Nf4 cxd4 47. exd4 Kc6 48. Ke2 Kd6 49. Ng6 Ke6 50. g4 Kf6 51. Ne5 Bf4 52. Nc6 Kg5 53. Nxa5 Kxg4 54. Nc6 Kf5 55. a5 Bc7 56. a6 Bb6 57. Ke3 Kg5 58. Ne7 Kxh5 59. Nc8 Bxd4+ 60. Kxd4 Kg4 61. Ke3 Kf5 62. a7 d4+ 63. Kxd4 Kf4 64. a8Q e3 65. Qe4+ 1-0

[Event "Niedersachsen-ch op"]
[Site "Verden"]
[Date "2007.01.05"]
[Round "4"]
[White "Bonacic, Jascha"]
[Black "Heyne, Jan Hendrik"]
[Result "1-0"]
[WhiteElo "1711"]
[BlackElo "1167"]
[PlyCount "63"]
[EventDate "2007.01.04"]
[EventType "swiss"]
[EventRounds "7"]
[EventCountry "GER"]
[SourceTitle "EXT 2021"]
[Source "ChessBase"]
[SourceDate "2020.10.23"]
[SourceVersion "1"]
[SourceVersionDate "2020.10.23"]
[SourceQuality "1"]

1. e4 c5 2. Nf3 d6 3. d4 cxd4 4. Nxd4 Nf6 5. Nc3 a6 6. f3 b5 7. Be3 e6 8. Qd2 Bb7 9. g4 h6 10. h4 Nbd7 11. 0-0-0 Ne5 12. h5 Rc8 13. g5 hxg5 14. Bxg5 Qc7 15. Kb1 Rxh5 16. Bg2 Rxh1 17. Rxh1 Nc4 18. Qd3 e5 19. Nf5 Na3+ 20. bxa3 Qxc3 21. Qxc3 Rxc3 22. Rh8 d5 23. Nxg7+ Kd7 24. Rxf8 dxe4 25. Rxf7+ Kc8 26. Rxf6 exf3 27. Bf1 Be4 28. Nf5 Bxf5 29. Rxf5 e4 30. Kb2 e3 31. Kxc3 e2 32. Bxe2 1-0